| 000 | 00871nam a22002537a 4500 | ||
|---|---|---|---|
| 999 |
_c11160 _d11160 |
||
| 003 | AR-CdUCM | ||
| 008 | 190403b ||||| |||| 00| 0 spa d | ||
| 040 |
_aMUNICIPALIDAD PROVINCIAL DEL CUSCO _cBIBLIOTECA MUNICIPAL DEL CUSCO |
||
| 041 | _hfre | ||
| 082 |
_a371.31 / _bR937 /1940 |
||
| 100 |
_aRumpf, H. L. _928366 |
||
| 245 | _aOrganización individual / | ||
| 260 |
_aSantiago : _bZig - Zag, _c1940. |
||
| 300 |
_a180 paginas ; _c18 cm. |
||
| 440 |
_aColecciones Manuales _928367 |
||
| 500 | _aLibro en mal estado por la antigüedad. | ||
| 505 | _aContenido: Orientarse -- Conocerse bien -- Conocer su oficio -- Comparación entre la profesión y la personalidad ... | ||
| 650 |
_aEnseñanza _91616 |
||
| 650 |
_aMetodos _920839 |
||
| 650 |
_aDisciplina _98638 |
||
| 700 |
_aBarraza A., Guillermo (traductor) _928368 |
||
| 942 |
_2ddc _cLIBROS |
||
| 945 | _acmm | ||